MARC

LEADER 00000nam0a2200000 4500
001 264748
005 20231101233847.0
010 |a 5319000308 
035 |a (RuTPU)RU\TPU\book\287745 
090 |a 264748 
100 |a 20140621d1988 m y0rusy50 ca 
101 0 |a rus 
102 |a UA 
105 |a y z 001zy 
200 1 |a Наука предлагает решение  |f сост. В. А. Беспятый ; В. И. Гусев ; В. В. Джемелинский 
210 |a Киев  |c Политиздат Украины  |d 1988 
215 |a 262 с. 
320 |a Библиогр.: с. 259-260. 
606 1 |a Наука  |y В СССР  |2 stltpush  |3 (RuTPU)RU\TPU\subj\45072  |9 64334 
610 1 |a история 
610 1 |a научное обеспечение 
610 1 |a 20 век 
610 1 |a Украина 
610 1 |a ускорение 
610 1 |a машиностроение 
610 1 |a сварочное производство 
610 1 |a приборостроение 
610 1 |a безбумажные технологии 
610 1 |a программирование 
610 1 |a топливно-энергетический комплекс 
610 1 |a электроэнергия 
610 1 |a ресурсосбережение 
610 1 |a экология 
686 |a Ч21(2)  |v LBC/SL-A  |2 rubbk 
702 1 |a Беспятый  |b В. А.  |4 220 
702 1 |a Гусев  |b В. И.  |4 220 
702 1 |a Джемелинский  |b В. В.  |4 220 
801 1 |a RU  |b 63413507  |c 20140621 
801 2 |a RU  |b 63413507  |c 20150421  |g RCR 
942 |c BK